[Event "Portoroz op 14th"]
[Site "Portoroz"]
[Date "2023.07.16"]
[Round "3"]
[White "Bulic, Josip"]
[Black "Siraj, Anej"]
[Result "1-0"]
[WhiteElo "2226"]
[BlackElo "2064"]
[PlyCount "79"]
[EventDate "2023.07.15"]
[EventType "swiss"]
[EventRounds "9"]
[EventCountry "SLO"]
[SourceTitle "CBM 215 Extra"]
[Source "ChessBase"]
[SourceDate "2023.09.30"]
[SourceVersion "1"]
[SourceVersionDate "2023.09.30"]
[SourceQuality "1"]

1. d4 d5 2. c4 e6 3. Nc3 Be7 4. Nf3 Nf6 5. Bg5 0-0 6. e3 b6 7. cxd5 exd5 8. Bd3 c5 9. h3 Nc6 10. Bb5 Bb7 11. dxc5 bxc5 12. 0-0 d4 13. Bxc6 Bxc6 14. exd4 Bxf3 15. Qxf3 cxd4 16. Rfd1 Rb8 17. b3 h6 18. Be3 Rb4 19. Rab1 Qb6 20. Na4 Qd6 21. a3 Rb5 22. Bxd4 Qxa3 23. Bxa7 Rc8 24. Bd4 Rd8 25. Rd3 Rbd5 26. Rbd1 Qb4 27. Bb6 Rxd3 28. Rxd3 Rc8 29. Be3 Bd6 30. g3 Be5 31. Nb6 Re8 32. Nc4 Bc7 33. Bxh6 Qe1+ 34. Kg2 Re2 35. Bd2 Qd1 36. Bf4 Qe1 37. Bxc7 Ra2 38. Rd8+ Ne8 39. Ne5 Ra1 40. Rxe8+ 1-0

[Event "Ljubljana-chT 75th"]
[Site "Ljubljana"]
[Date "2023.03.09"]
[Round "7.2"]
[White "Siraj, Anej"]
[Black "Hiti, Domen"]
[Result "1/2-1/2"]
[WhiteElo "2055"]
[BlackElo "2236"]
[PlyCount "47"]
[EventDate "2023.01.12"]
[EventType "team-swiss"]
[EventRounds "9"]
[EventCountry "SLO"]
[SourceTitle "EXT 2024"]
[Source "ChessBase"]
[SourceDate "2023.10.10"]
[SourceVersion "1"]
[SourceVersionDate "2023.10.10"]
[SourceQuality "1"]
[WhiteTeam "Vrhnika"]
[BlackTeam "Ig"]
[WhiteTeamCountry "SLO"]
[BlackTeamCountry "SLO"]

1. d4 d5 2. Bf4 c6 3. e3 Nf6 4. Bd3 Bg4 5. Nf3 e6 6. c4 Bb4+ 7. Nc3 dxc4 8. Bxc4 Nd5 9. Bxd5 exd5 10. 0-0 0-0 11. Qb3 Bd6 12. Bxd6 Qxd6 13. Qxb7 Bxf3 14. gxf3 Nd7 15. Qa6 f5 16. Kh1 f4 17. e4 dxe4 18. Nxe4 Qh6 19. Rg1 Nb6 20. Qb7 Rf7 21. Qa6 Rd8 22. Rae1 Qh4 23. Qd3 h6 24. a4 1/2-1/2

[Event "Ljubljana-chT 75th"]
[Site "Ljubljana"]
[Date "2023.01.26"]
[Round "3.2"]
[White "Lanjscek, Miha"]
[Black "Siraj, Anej"]
[Result "0-1"]
[WhiteElo "1812"]
[BlackElo "2055"]
[PlyCount "166"]
[EventDate "2023.01.12"]
[EventType "team-swiss"]
[EventRounds "9"]
[EventCountry "SLO"]
[SourceTitle "EXT 2024"]
[Source "ChessBase"]
[SourceDate "2023.10.10"]
[SourceVersion "1"]
[SourceVersionDate "2023.10.10"]
[SourceQuality "1"]
[WhiteTeam "Trzin Pekos Pub"]
[BlackTeam "Vrhnika"]
[WhiteTeamCountry "SLO"]
[BlackTeamCountry "SLO"]

1. d4 d5 2. c4 e6 3. Nc3 Nf6 4. cxd5 exd5 5. Bg5 Be7 6. Qc2 c6 7. e3 Nbd7 8. Bd3 Nf8 9. Nf3 h6 10. Bh4 Ne6 11. 0-0 Ng5 12. Ne5 Nfe4 13. f4 Nh3+ 14. gxh3 Bxh4 15. Nxe4 dxe4 16. Bxe4 Bxh3 17. Bg2 Bxg2 18. Qxg2 0-0 19. Qg4 Re8 20. Qh5 Qe7 21. Rf3 Bf6 22. Rg3 Bxe5 23. dxe5 Qe6 24. Qe2 Rad8 25. Qg2 g6 26. Qf2 Kh7 27. a3 Rd7 28. Re1 Red8 29. Re2 Qc4 30. h3 Rd1+ 31. Kh2 Qc1 32. Rg1 Rxg1 33. Qxg1 Rd1 34. Qf2 Rf1 35. Qh4 Rh1+ 36. Kg3 Qf1 37. Rf2 Rg1+ 38. Kh2 Rh1+ 39. Kg3 Qg1+ 40. Kf3 Qd1+ 41. Kg3 Qd5 42. Rg2 Qe4 43. Kf2 Rb1 44. Kg3 Qxe3+ 45. Kh2 Rf1 46. Rxg6 Qxf4+ 47. Qxf4 Rxf4 48. Rd6 Rf2+ 49. Kg3 Rxb2 50. Kf4 Rf2+ 51. Kg4 a5 52. Rd7 b5 53. Rc7 Rc2 54. e6 Kg7 55. e7 Re2 56. Rxc6 Rxe7 57. Ra6 a4 58. Rb6 Re3 59. Rxb5 Rxa3 60. h4 Rb3 61. Ra5 Rb4+ 62. Kh3 Re4 63. Ra6 Kf8 64. Rxh6 Re5 65. Kg4 Ra5 66. Rd6 a3 67. Rd1 a2 68. Ra1 Kg7 69. Kf4 Kg6 70. Kg4 Ra4+ 71. Kf3 Kh5 72. Kg3 f5 73. Kf3 Kxh4 74. Ke3 f4+ 75. Kf3 Kg5 76. Rg1+ Kf5 77. Ra1 Ra3+ 78. Ke2 f3+ 79. Kf2 Kf4 80. Rg1 a1Q 81. Rg4+ Ke5 82. Rg5+ Ke4 83. Rg4+ Kd3 0-1

[Event "SLO-chT1 West"]
[Site "Slovenia"]
[Date "2022.10.21"]
[Round "7.3"]
[White "Olenik Campa, Rudi"]
[Black "Siraj, Anej"]
[Result "1-0"]
[WhiteElo "2151"]
[BlackElo "2047"]
[PlyCount "81"]
[EventDate "2022.10.07"]
[EventType "team-tourn"]
[EventRounds "9"]
[EventCountry "SLO"]
[SourceTitle "EXT 2024"]
[Source "ChessBase"]
[SourceDate "2023.10.10"]
[SourceVersion "1"]
[SourceVersionDate "2023.10.10"]
[SourceQuality "1"]
[WhiteTeam "Ljubljana Tajfun"]
[BlackTeam "Vrhnika"]
[WhiteTeamCountry "SLO"]
[BlackTeamCountry "SLO"]

1. e4 e5 2. Nf3 Nc6 3. Bb5 g6 4. 0-0 Bg7 5. c3 d6 6. d4 Bd7 7. dxe5 dxe5 8. Re1 Nge7 9. Nbd2 0-0 10. h3 Be6 11. Ng5 Bd7 12. Nb3 h6 13. Nf3 b6 14. Qe2 Nc8 15. Nbd2 Nd6 16. Bd3 Qf6 17. Nf1 Nd8 18. Ne3 Ne6 19. Ng4 Qe7 20. Ngxe5 Be8 21. Ng4 h5 22. Nh6+ Kh8 23. Nf5 Qd8 24. Nxg7 Kxg7 25. e5 Nb7 26. Be4 Rb8 27. b4 a5 28. a3 c6 29. h4 Qc7 30. Bc2 Ra8 31. Ng5 Nbd8 32. Bd2 c5 33. Qf3 Ra7 34. Qf6+ Kg8 35. bxa5 Rxa5 36. Ne4 Bc6 37. Bh6 Re8 38. Nd6 Re7 39. f4 Nb7 40. f5 Nxd6 41. exd6 1-0

[Event "SLO-chT1 West"]
[Site "Slovenia"]
[Date "2022.10.08"]
[Round "2.3"]
[White "Siraj, Anej"]
[Black "Janzelj, Lara"]
[Result "0-1"]
[WhiteElo "2047"]
[BlackElo "2193"]
[PlyCount "44"]
[EventDate "2022.10.07"]
[EventType "team-tourn"]
[EventRounds "9"]
[EventCountry "SLO"]
[SourceTitle "CBM 210 Extra"]
[Source "ChessBase"]
[SourceDate "2022.11.30"]
[SourceVersion "1"]
[SourceVersionDate "2022.11.30"]
[SourceQuality "1"]
[WhiteTeam "Vrhnika"]
[BlackTeam "Ig"]
[WhiteTeamCountry "SLO"]
[BlackTeamCountry "SLO"]

1. d4 d6 2. Nf3 Nf6 3. Nbd2 g6 4. e4 Bg7 5. Bd3 0-0 6. 0-0 Nbd7 7. c3 e5 8. Re1 c6 9. Nc4 exd4 10. Nxd4 Nc5 11. Bg5 Nxd3 12. Qxd3 d5 13. e5 dxc4 14. Qxc4 Qd5 15. Qf1 Ne4 16. Bf4 Nc5 17. Rad1 Qxa2 18. Ra1 Qd5 19. Rad1 Ne6 20. Nf5 Qb5 21. c4 Qb6 22. Nxg7 Nxf4 0-1

[Event "Hum na Sutli op 14th"]
[Site "Hum na Sutli"]
[Date "2022.08.26"]
[Round "9"]
[White "Siraj, Anej"]
[Black "Bender, Ivan"]
[Result "0-1"]
[WhiteElo "2040"]
[BlackElo "2238"]
[PlyCount "80"]
[EventDate "2022.08.20"]
[EventType "swiss"]
[EventRounds "9"]
[EventCountry "CRO"]
[SourceTitle "CBM 210 Extra"]
[Source "ChessBase"]
[SourceDate "2022.11.30"]
[SourceVersion "1"]
[SourceVersionDate "2022.11.30"]
[SourceQuality "1"]

1. d4 d5 2. Bf4 Nf6 3. e3 c5 4. c3 Qb6 5. Qb3 c4 6. Qc2 Nh5 7. Bg5 Qg6 8. Qxg6 hxg6 9. e4 e6 10. e5 f6 11. Be3 g5 12. Nh3 g4 13. Ng1 b5 14. h3 g3 15. Ne2 Nc6 16. f4 a5 17. Nd2 b4 18. Nf3 Rb8 19. Rb1 Bd7 20. Bd2 Be7 21. h4 bxc3 22. Bxc3 Bb4 23. Nd2 Bxc3 24. bxc3 Rxb1+ 25. Nxb1 Ne7 26. Rh3 Nf5 27. Kd2 Ke7 28. Kc1 Rb8 29. a3 Be8 30. Nd2 Bg6 31. Rh1 Kd7 32. Rh3 Kc6 33. Rh1 Kb5 34. Kb2 Ka4+ 35. Ka2 Ne3 36. Rh3 Nd1 37. Nxg3 Rb2+ 38. Ka1 Rxd2 39. Nxh5 Kb3 40. a4 Ra2# 0-1

[Event "Hum na Sutli op 14th"]
[Site "Hum na Sutli"]
[Date "2022.08.22"]
[Round "5"]
[White "Zadravec, Matija"]
[Black "Siraj, Anej"]
[Result "1/2-1/2"]
[WhiteElo "2255"]
[BlackElo "2040"]
[PlyCount "64"]
[EventDate "2022.08.20"]
[EventType "swiss"]
[EventRounds "9"]
[EventCountry "CRO"]
[SourceTitle "CBM 210 Extra"]
[Source "ChessBase"]
[SourceDate "2022.11.30"]
[SourceVersion "1"]
[SourceVersionDate "2022.11.30"]
[SourceQuality "1"]

1. e4 e5 2. Nc3 Nf6 3. f4 d5 4. fxe5 Nxe4 5. Nf3 Be7 6. Qe2 f5 7. d3 Nxc3 8. bxc3 0-0 9. Qf2 c5 10. d4 Qa5 11. Bd2 Qa4 12. Be2 Qxc2 13. 0-0 Qa4 14. c4 Be6 15. Bg5 Qd7 16. dxc5 dxc4 17. Rad1 Qe8 18. Bxe7 Qxe7 19. Nd4 Nc6 20. Nxc6 bxc6 21. Rd6 Bd5 22. Qd4 Rae8 23. e6 Qf6 24. Rxd5 cxd5 25. Qxd5 Rd8 26. Qxc4 Qd4+ 27. Qxd4 Rxd4 28. Bb5 Rb8 29. Bd7 Rd2 30. Re1 Rbb2 31. e7 Rxg2+ 32. Kh1 Rxh2+ 1/2-1/2

[Event "Solta op 5th"]
[Site "Grohote"]
[Date "2022.07.04"]
[Round "3"]
[White "Starcevic, Ante Leon"]
[Black "Siraj, Anej"]
[Result "1/2-1/2"]
[WhiteElo "2226"]
[BlackElo "2028"]
[PlyCount "77"]
[EventDate "2022.07.02"]
[EventType "swiss"]
[EventRounds "9"]
[EventCountry "CRO"]
[SourceTitle "EXT 2023"]
[Source "ChessBase"]
[SourceDate "2022.10.05"]
[SourceVersion "1"]
[SourceVersionDate "2022.10.05"]
[SourceQuality "1"]

1. Nf3 d5 2. d4 Nf6 3. c3 e6 4. Bf4 c5 5. e3 Nc6 6. Nbd2 Be7 7. Bd3 Nh5 8. Be5 Nxe5 9. dxe5 g6 10. g4 Ng7 11. h4 h5 12. g5 Bd7 13. a4 Bc6 14. 0-0 Qd7 15. Qe2 0-0 16. b3 Rfd8 17. Rfd1 Qc7 18. a5 b6 19. Bb5 Nf5 20. Bxc6 Qxc6 21. e4 Ng7 22. c4 Rd7 23. axb6 axb6 24. Rxa8+ Qxa8 25. cxd5 exd5 26. Nc4 Qc6 27. Qd3 d4 28. Ne3 Ne6 29. Nd5 Nc7 30. Nf6+ Bxf6 31. gxf6 Qe6 32. Kf1 Qg4 33. Ra1 b5 34. Qd2 Qxf3 35. Ra8+ Nxa8 36. Qh6 Qd1+ 37. Kg2 Qg4+ 38. Kf1 Qd1+ 39. Kg2 1/2-1/2

[Event "SLO-chT 31st"]
[Site "Ljubljana"]
[Date "2021.09.17"]
[Round "4.4"]
[White "Gasparac, Gregor"]
[Black "Siraj, Anej"]
[Result "1-0"]
[WhiteElo "2100"]
[BlackElo "2112"]
[PlyCount "107"]
[EventDate "2021.09.10"]
[EventType "team-tourn"]
[EventRounds "9"]
[EventCountry "SLO"]
[SourceTitle "CBM 204 Extra"]
[Source "ChessBase"]
[SourceDate "2021.11.30"]
[SourceVersion "1"]
[SourceVersionDate "2021.11.30"]
[SourceQuality "1"]
[WhiteTeam "Kocevje Inotherm"]
[BlackTeam "Vrhnika"]
[WhiteTeamCountry "SLO"]
[BlackTeamCountry "SLO"]

1. e4 e5 2. Nf3 Nc6 3. Bb5 g6 4. 0-0 Bg7 5. c3 d6 6. d4 Bd7 7. Be3 Nf6 8. Nbd2 0-0 9. d5 Ne7 10. Bxd7 Qxd7 11. Ne1 Ng4 12. Qe2 Nxe3 13. Qxe3 f5 14. f3 c6 15. c4 c5 16. Nc2 h6 17. Rab1 g5 18. b4 b6 19. bxc5 bxc5 20. Rb5 fxe4 21. fxe4 Rxf1+ 22. Nxf1 Rf8 23. Qe2 Ng6 24. g3 Ne7 25. Nce3 Rc8 26. Kg2 Rc7 27. Qh5 Rc8 28. h3 Rf8 29. Qd1 Rc8 30. Qa4 Qc7 31. Qb3 Qd7 32. Rb7 Rc7 33. Rb8+ Kf7 34. Qb5 Qxb5 35. Rxb5 Ke8 36. Kf2 Kd7 37. Nd2 Kc8 38. Nf5 Nxf5 39. exf5 Rf7 40. g4 Bf8 41. Ne4 Kc7 42. Ke3 Be7 43. Ng3 Bd8 44. Ke4 Be7 45. Rb3 Bd8 46. Nh5 Bf6 47. a4 Rf8 48. a5 Be7 49. a6 Ra8 50. Rb7+ Kd8 51. f6 Bf8 52. Ng7 Rc8 53. Ne6+ Ke8 54. f7# 1-0

[Event "World Cup U18 Prel"]
[Site "Tornelo INT"]
[Date "2021.08.20"]
[Round "9"]
[White "Siraj, Anej"]
[Black "Brilej, Jaka"]
[Result "0-1"]
[WhiteElo "2061"]
[BlackElo "2344"]
[PlyCount "68"]
[EventDate "2021.08.16"]
[EventType "swiss (rapid)"]
[EventRounds "10"]
[EventCountry "NET"]
[SourceTitle "CBM 203 Extra"]
[Source "ChessBase"]
[SourceDate "2021.09.30"]
[SourceVersion "1"]
[SourceVersionDate "2021.09.30"]
[SourceQuality "1"]

1. d4 d5 2. Bf4 Nf6 3. e3 c5 4. c3 Qb6 5. dxc5 Qxb2 6. Qb3 Qxa1 7. Bd3 Nc6 8. Nf3 Ne4 9. Bxe4 dxe4 10. Nd4 e5 11. Nxc6 bxc6 12. Bxe5 Bxc5 13. 0-0 Be6 14. Qa4 0-0 15. Qxe4 Qxa2 16. Qf4 f6 17. Bc7 Rac8 18. Qg3 Bc4 19. Rd1 Qe2 20. Rc1 Rfe8 21. Bf4 Rcd8 22. h4 Rd1+ 23. Rxd1 Qxd1+ 24. Kh2 Qxb1 25. h5 Qf5 26. h6 g5 27. Bb8 Re4 28. f4 Rxe3 29. Qf2 Rh3+ 30. gxh3 Bxf2 31. h4 gxf4 32. h5 Qg4 33. Bxf4 Qg1+ 34. Kh3 Be6# 0-1

[Event "World Cup U18 Prel"]
[Site "Tornelo INT"]
[Date "2021.08.19"]
[Round "8"]
[White "Alvarez Mejia, Yeremy Melvin"]
[Black "Siraj, Anej"]
[Result "0-1"]
[WhiteElo "1275"]
[BlackElo "2061"]
[PlyCount "82"]
[EventDate "2021.08.16"]
[EventType "swiss (rapid)"]
[EventRounds "10"]
[EventCountry "NET"]
[SourceTitle "CBM 203 Extra"]
[Source "ChessBase"]
[SourceDate "2021.09.30"]
[SourceVersion "1"]
[SourceVersionDate "2021.09.30"]
[SourceQuality "1"]

1. e4 e5 2. Nf3 Nc6 3. Bc4 Bc5 4. 0-0 Nf6 5. d3 d6 6. h3 h6 7. c3 0-0 8. Bb3 a5 9. Nbd2 Ne7 10. Re1 Ng6 11. Nf1 Bb6 12. Be3 Ba7 13. Bxa7 Rxa7 14. Qd2 Be6 15. Bc2 Nf4 16. Qe3 Ra6 17. Kh2 N6h5 18. Rad1 Qf6 19. a3 Bd7 20. d4 Bc8 21. Bd3 Rb6 22. b4 axb4 23. axb4 g5 24. dxe5 dxe5 25. Ng3 g4 26. Nxh5 Nxh5 27. hxg4 Bxg4 28. Be2 Nf4 29. Ng1 Qh4+ 30. Nh3 Rg6 31. Bxg4 Rxg4 32. Rg1 Kh7 33. Rd3 Rfg8 34. Qf3 Rxg2+ 35. Rxg2 Rxg2+ 36. Kh1 Rg7 37. Re3 Kg8 38. b5 Rg6 39. c4 Nxh3 40. Qxh3 Qxf2 41. Qc8+ Kg7 0-1

[Event "World Cup U18 Prel"]
[Site "Tornelo INT"]
[Date "2021.08.17"]
[Round "4"]
[White "Dao, Minh Nhat"]
[Black "Siraj, Anej"]
[Result "1-0"]
[WhiteElo "2269"]
[BlackElo "2061"]
[PlyCount "75"]
[EventDate "2021.08.16"]
[EventType "swiss (rapid)"]
[EventRounds "10"]
[EventCountry "NET"]
[SourceTitle "CBM 203 Extra"]
[Source "ChessBase"]
[SourceDate "2021.09.30"]
[SourceVersion "1"]
[SourceVersionDate "2021.09.30"]
[SourceQuality "1"]

1. d4 Nf6 2. Bf4 d5 3. e3 e6 4. Nf3 c5 5. Nc3 Be7 6. Nb5 Na6 7. h3 0-0 8. Be2 Bd7 9. 0-0 Qa5 10. a4 c4 11. Ne5 Bxb5 12. axb5 Qxb5 13. b3 Rac8 14. bxc4 dxc4 15. Qb1 Qd5 16. Bf3 Ne4 17. c3 f5 18. Bxe4 fxe4 19. f3 Rxf4 20. exf4 exf3 21. Rxf3 Rf8 22. Qa2 Rc8 23. Qa4 Rc7 24. f5 Bf8 25. Qe8 Re7 26. Qc8 Nc7 27. f6 gxf6 28. Rxf6 Ne8 29. Raf1 Bg7 30. Rf7 Qd6 31. Rxe7 Qxe7 32. Rf7 Qxf7 33. Nxf7 Kxf7 34. Qxb7+ Kf6 35. Qb8 Ke7 36. Qxa7+ Kf6 37. Qb8 Ke7 38. g4 1-0

[Event "World Cup U18 Prel"]
[Site "Tornelo INT"]
[Date "2021.08.17"]
[Round "3"]
[White "Siraj, Anej"]
[Black "McKay, Jonathan"]
[Result "1-0"]
[WhiteElo "2061"]
[BlackElo "1620"]
[PlyCount "123"]
[EventDate "2021.08.16"]
[EventType "swiss (rapid)"]
[EventRounds "10"]
[EventCountry "NET"]
[SourceTitle "CBM 203 Extra"]
[Source "ChessBase"]
[SourceDate "2021.09.30"]
[SourceVersion "1"]
[SourceVersionDate "2021.09.30"]
[SourceQuality "1"]

1. e4 c6 2. d4 d5 3. exd5 cxd5 4. c3 Nc6 5. Bd3 Nf6 6. Bf4 Bg4 7. Nf3 Qb6 8. Qb3 Bxf3 9. gxf3 e6 10. Nd2 Be7 11. Qxb6 axb6 12. a3 Nd7 13. Rg1 e5 14. dxe5 Ncxe5 15. Bb5 0-0 16. 0-0-0 Bf6 17. Nb3 Nc5 18. Nxc5 bxc5 19. Rxd5 Nxf3 20. Rg3 Nh4 21. Rxc5 Ng6 22. Bc7 Be7 23. Rc4 Bf6 24. f4 Nh4 25. Bd7 Ng6 26. Rb4 Ra7 27. Bb6 Raa8 28. Re4 Ra6 29. Bc5 Rd8 30. Bb5 Re6 31. Rge3 Rd5 32. b4 Bxc3 33. Rxe6 Bd2+ 34. Kc2 fxe6 35. Rxe6 Bxf4 36. Re2 Ne5 37. Ba4 Rd8 38. Bb3+ Kh8 39. a4 h6 40. a5 Nf3 41. Kc3 Nxh2 42. b5 Ng4 43. a6 bxa6 44. bxa6 Be5+ 45. Kc4 Bf6 46. a7 Ne5+ 47. Kb5 Nd7 48. Bf2 Ne5 49. Kb6 Nf3 50. Kb7 Nd4 51. Bxd4 Bxd4 52. a8Q Rxa8 53. Kxa8 Bf6 54. Kb7 h5 55. Kc6 Kh7 56. Kd5 Kh6 57. Ke6 h4 58. Kf5 Kh5 59. Bf7+ Kh6 60. Bg6 Bd8 61. Re8 h3 62. Rh8# 1-0

[Event "Portoroz Nat Festival 30th"]
[Site "Portoroz"]
[Date "2020.09.07"]
[Round "7"]
[White "Siraj, Anej"]
[Black "Ivanec, Dezider"]
[Result "1/2-1/2"]
[WhiteElo "2022"]
[BlackElo "2089"]
[PlyCount "67"]
[EventDate "2020.09.03"]
[EventType "swiss"]
[EventRounds "9"]
[EventCountry "SLO"]
[SourceTitle "CBM 198 Extra"]
[Source "ChessBase"]
[SourceDate "2020.11.30"]
[SourceVersion "1"]
[SourceVersionDate "2020.11.30"]
[SourceQuality "1"]

1. e4 c5 2. Nf3 g6 3. c3 Bg7 4. d4 cxd4 5. cxd4 d5 6. e5 Nc6 7. Nbd2 Bg4 8. Bb5 e6 9. h3 Bxf3 10. Bxc6+ bxc6 11. Nxf3 Qa5+ 12. Bd2 Qb5 13. b4 Bh6 14. a4 Qc4 15. Rc1 Bxd2+ 16. Qxd2 Qa6 17. Ra1 Rb8 18. Qe2 Qb6 19. Rb1 Ne7 20. 0-0 0-0 21. Rfc1 a5 22. b5 cxb5 23. Rxb5 Qa7 24. Rcc5 Rxb5 25. Rxb5 Rb8 26. Rc5 Rc8 27. Rxc8+ Nxc8 28. Qd2 Kg7 29. Nh2 Ne7 30. Qg5 Ng8 31. Qd2 Ne7 32. Qg5 Ng8 33. Qd2 Ne7 34. Qg5 1/2-1/2

[Event "Portoroz Nat Festival 30th"]
[Site "Portoroz"]
[Date "2020.09.06"]
[Round "5"]
[White "Kovac, Boris"]
[Black "Siraj, Anej"]
[Result "1-0"]
[WhiteElo "2211"]
[BlackElo "2022"]
[PlyCount "130"]
[EventDate "2020.09.03"]
[EventType "swiss"]
[EventRounds "9"]
[EventCountry "SLO"]
[SourceTitle "CBM 198 Extra"]
[Source "ChessBase"]
[SourceDate "2020.11.30"]
[SourceVersion "1"]
[SourceVersionDate "2020.11.30"]
[SourceQuality "1"]

1. e4 c5 2. Nf3 d6 3. d4 cxd4 4. Nxd4 Nf6 5. Nc3 g6 6. Be3 Bg7 7. Qd2 Nc6 8. f3 0-0 9. Bc4 Bd7 10. 0-0-0 Ne5 11. Bb3 Rc8 12. Bh6 Nc4 13. Bxc4 Rxc4 14. Bxg7 Kxg7 15. Rhe1 Qc7 16. g4 Be6 17. Kb1 Rc8 18. Re3 a6 19. Nce2 b5 20. g5 Nd7 21. Nf4 Nf8 22. b3 Rc5 23. h4 Bd7 24. Nd5 Qd8 25. c3 Be6 26. Nb4 Qb6 27. Ne2 a5 28. Qd4+ Kg8 29. Nd3 R5c6 30. Qxb6 Rxb6 31. Nef4 b4 32. c4 a4 33. Nd5 Rb7 34. Nc1 axb3 35. axb3 Re8 36. Na2 Bxd5 37. Rxd5 Nd7 38. f4 Rc8 39. Nc1 Rc5 40. Rd2 Ra5 41. Ra2 Rxa2 42. Kxa2 Kf8 43. Nd3 Nc5 44. e5 Ra7+ 45. Kb2 Nxd3+ 46. Rxd3 Ra6 47. Rd5 Rb6 48. Kc2 Ke8 49. Kd3 Kd7 50. c5 Rb8 51. exd6 exd6 52. Rxd6+ Kc7 53. Kc4 Re8 54. Rf6 Re7 55. Kxb4 Re4+ 56. Kb5 h5 57. Rxf7+ Kb8 58. b4 Rd4 59. Ka5 Rc4 60. Rf6 Re4 61. b5 Kb7 62. Rf7+ Kb8 63. Kb6 Re6+ 64. c6 Re8 65. Kc5 Kc8 1-0

[Event "Portoroz Nat Festival 30th"]
[Site "Portoroz"]
[Date "2020.09.04"]
[Round "2"]
[White "Siraj, Anej"]
[Black "Rozman, Monika"]
[Result "1-0"]
[WhiteElo "2022"]
[BlackElo "2162"]
[PlyCount "115"]
[EventDate "2020.09.03"]
[EventType "swiss"]
[EventRounds "9"]
[EventCountry "SLO"]
[SourceTitle "CBM 198 Extra"]
[Source "ChessBase"]
[SourceDate "2020.11.30"]
[SourceVersion "1"]
[SourceVersionDate "2020.11.30"]
[SourceQuality "1"]

1. e4 c5 2. Nf3 e6 3. c4 Nc6 4. Nc3 a6 5. d4 cxd4 6. Nxd4 Bb4 7. Be3 Nf6 8. f3 0-0 9. Be2 d5 10. Nxc6 bxc6 11. exd5 cxd5 12. 0-0 Bxc3 13. bxc3 Qc7 14. Qd4 Bb7 15. Bf4 Qe7 16. c5 Rfc8 17. Rab1 Ne8 18. Rb6 f6 19. Qb4 Ra7 20. Rb1 e5 21. Be3 Rc7 22. c6 Qxb4 23. R6xb4 Bxc6 24. Bxa7 Rxa7 25. Rb6 Rc7 26. Rxa6 Kf7 27. Bb5 Bxb5 28. Rxb5 Rxc3 29. Rxd5 Nc7 30. Ra7 Ke6 31. Rd2 Kf5 32. a4 Kf4 33. Kf2 Ne6 34. h4 h5 35. a5 Nc5 36. Re7 Nd3+ 37. Ke2 Nc1+ 38. Kf2 Nd3+ 39. Kf1 Ke3 40. Re2+ Kf4 41. Re4+ Kf5 42. a6 Nf4 43. a7 Ra3 44. Rxg7 Ra1+ 45. Re1 Ra3 46. Rb1 Ne6 47. Rd7 Nc5 48. Re7 Nd3 49. g3 e4 50. fxe4+ Kg4 51. Rb8 Ra2 52. a8Q Rf2+ 53. Kg1 Kh3 54. e5 Re2 55. exf6 Ne1 56. Qh1+ Kg4 57. Rxe2 Nf3+ 58. Qxf3+ 1-0

[Event "Portoroz Nat Festival 30th"]
[Site "Portoroz"]
[Date "2020.09.03"]
[Round "1"]
[White "Jelen, Anja"]
[Black "Siraj, Anej"]
[Result "0-1"]
[WhiteElo "1279"]
[BlackElo "2022"]
[PlyCount "48"]
[EventDate "2020.09.03"]
[EventType "swiss"]
[EventRounds "9"]
[EventCountry "SLO"]
[SourceTitle "CBM 198 Extra"]
[Source "ChessBase"]
[SourceDate "2020.11.30"]
[SourceVersion "1"]
[SourceVersionDate "2020.11.30"]
[SourceQuality "1"]

1. e4 c5 2. c3 Nc6 3. d4 cxd4 4. cxd4 d5 5. exd5 Qxd5 6. Nf3 Nf6 7. Nc3 Qe6+ 8. Be2 Nd5 9. 0-0 Qd6 10. Re1 g6 11. Bc4 Nb6 12. Bb3 Bg7 13. Nb5 Qd7 14. Bf4 0-0 15. Rc1 Qg4 16. d5 Qxf4 17. dxc6 bxc6 18. Rxc6 Bb7 19. Rc7 Rad8 20. Qe2 Rd7 21. Ne5 Rxc7 22. Nxc7 e6 23. Nb5 Qg5 24. Nf3 Bxf3 0-1

[Event "SLO-chT Central 1st League 20th"]
[Site "Slovenia"]
[Date "2019.10.03"]
[Round "4.1"]
[White "Siraj, Anej"]
[Black "Hribar, Janez"]
[Result "1/2-1/2"]
[WhiteElo "1946"]
[BlackElo "1969"]
[PlyCount "105"]
[EventDate "2019.09.12"]
[EventType "team-tourn"]
[EventRounds "9"]
[EventCountry "SLO"]
[SourceTitle "EXT 2024"]
[Source "ChessBase"]
[SourceDate "2023.10.10"]
[SourceVersion "1"]
[SourceVersionDate "2023.10.10"]
[SourceQuality "1"]
[WhiteTeam "Vrhnika"]
[BlackTeam "Crni Graben"]
[WhiteTeamCountry "SLO"]
[BlackTeamCountry "SLO"]

1. d4 d5 2. Bf4 Bf5 3. e3 e6 4. c4 c6 5. Nc3 Bd6 6. Bg3 Nf6 7. Nf3 Bxg3 8. hxg3 h6 9. Be2 Nbd7 10. Ne5 Ne4 11. Nxd7 Qxd7 12. g4 Bg6 13. Bd3 Nxc3 14. bxc3 Bxd3 15. Qxd3 dxc4 16. Qxc4 Qd5 17. Qxd5 cxd5 18. g5 Rc8 19. gxh6 Rxh6 20. Rxh6 gxh6 21. Kd2 Kf8 22. Kd3 Kg7 23. Re1 f5 24. f3 Kf6 25. e4 dxe4+ 26. fxe4 b5 27. exf5 exf5 28. a4 a6 29. axb5 axb5 30. Rh1 Kg5 31. Rb1 Rb8 32. Ke3 Kg4 33. Kf2 Rc8 34. Rb3 h5 35. d5 f4 36. d6 Rd8 37. Rxb5 Rxd6 38. Rb2 Rd3 39. Rc2 f3 40. g3 h4 41. gxh4 Kxh4 42. c4 Kg4 43. c5 Rd7 44. c6 Rc7 45. Rc3 Kf5 46. Ke3 Ke5 47. Kxf3 Kd4 48. Rc1 Kd5 49. Kf4 Rxc6 50. Rd1+ Ke6 51. Ke4 Rc4+ 52. Kd3 Rc7 53. Rh1 1/2-1/2

[Event "SLO-chT1 West 29th"]
[Site "Slovenia"]
[Date "2019.09.28"]
[Round "5.1"]
[White "Siraj, Anej"]
[Black "Osolin, Bojan"]
[Result "0-1"]
[WhiteElo "1946"]
[BlackElo "2101"]
[PlyCount "144"]
[EventDate "2019.09.20"]
[EventType "team-tourn"]
[EventRounds "9"]
[EventCountry "SLO"]
[SourceTitle "CBM 192 Extra"]
[Source "Chessbase"]
[SourceDate "2019.11.06"]
[SourceVersion "1"]
[SourceVersionDate "2019.11.06"]
[SourceQuality "1"]
[WhiteTeam "Vrhnika"]
[BlackTeam "Domzale Tajfun"]
[WhiteTeamCountry "SLO"]
[BlackTeamCountry "SLO"]

1. d4 Nf6 2. Nf3 c5 3. d5 g6 4. Nc3 Bg7 5. e4 d6 6. Bb5+ Nfd7 7. a4 0-0 8. 0-0 Ne5 9. Nxe5 dxe5 10. Be3 Qd6 11. Be2 a6 12. a5 Qc7 13. d6 Qxd6 14. Qxd6 exd6 15. Rfd1 Nc6 16. Rxd6 Nd4 17. Bd1 Be6 18. Nd5 Rfd8 19. Rxd8+ Rxd8 20. c3 Bxd5 21. exd5 Nf5 22. Bxc5 Rxd5 23. Bb4 Bf8 24. Bf3 Rd7 25. Bxf8 Kxf8 26. Kf1 Ke7 27. Rd1 Rc7 28. Ke2 Ng7 29. Rd5 f6 30. Kd2 Ne6 31. g3 Nc5 32. Kc2 e4 33. Be2 f5 34. b4 Nd7 35. f3 Nf6 36. Rd4 h6 37. c4 g5 38. Kb3 Ke6 39. b5 Ke5 40. Rd8 exf3 41. Bxf3 axb5 42. cxb5 Ne4 43. g4 Rc3+ 44. Kb2 Rxf3 45. a6 Nc5 46. a7 Na4+ 47. Kc1 Nb6 48. a8Q Nxa8 49. Rxa8 Rb3 50. Rh8 fxg4 51. Rxh6 Rh3 52. Rg6 Kf5 53. Rg7 Rxh2 54. Kd1 g3 55. Ke1 Rb2 56. Kf1 Rxb5 57. Kg2 Kg4 58. Rc7 Rb2+ 59. Kg1 b5 60. Rb7 b4 61. Rb8 b3 62. Rb7 g2 63. Rb8 Rb1+ 64. Kxg2 Rb2+ 65. Kf1 Kg3 66. Rb4 g4 67. Rb8 Rb1+ 68. Ke2 b2 69. Rb7 Rg1 70. Rb3+ Kh2 71. Kf2 b1Q 72. Rb7 Qxb7 0-1